Parishes of Saint Vincent and the Grenadines with a Map - Statistics

General Stats
  • This quiz has been taken 1,576 times
  • The average score is 4 of 6
Answers on the Map
Answers color-coded by a green-red scale on the quiz's map according to % correct below.
 
Answer Stats
Parish % Correct
Grenadines
92%
Saint George
76%
Saint Andrew
73%
Saint David
67%
Saint Patrick
65%
Charlotte
60%
No matching quizzes found
Score Distribution
Percent of People with Each Score
Percentile by Number Answered
Your Score History
You have not taken this quiz